zpět

Detail výsledku týmu

Záložna ÚT, Pardubice

Datum a čas kvízu

39 Celkem bodů Celkový počet nahraných bodů na tomto kvízu bez doplňovacích otázek.
4. Pořadí na kvízu Konečné umístění týmu na tomto kvízu.

Zaznamenané odpovědi

# Otázka Odpověď Body Výsledky
1. Minulý týden se konala velmi k... zadek 0
2. Sarah Mullally stanula minulý... o anglikánskou církev 1
3. U příležitosti narozenin jedné... Marta Kubišová 1
4. Od 1. října 2025 došlo na Leti... 2 000 mililitrů 1
5. Česká republika má od minulého... Linda Nosková 1
6. Wikipedii s nejvyšší pravděpod... z havajštiny 1
7. Fanoušci kvízu občas jistě se... A 0
8. Dobrým zdrojem informací jsou... Jsi chytřejší než páťák? 0
9. Mnemotechnické pomůcky se hodí... barvy duhy (pořadí) 1
10. Někdy však k úspěchu v kvízu s... 1A 2D 3B 4C 1